[Event "Dimitrovgrad Caribrod op"]
[Site "Dimitrovgrad"]
[Date "2024.03.30"]
[Round "2"]
[White "Baghirov, Mahammad"]
[Black "Krstic, Andrija Marko"]
[Result "1/2-1/2"]
[WhiteElo "1843"]
[BlackElo "2143"]
[PlyCount "105"]
[EventDate "2024.03.29"]
[EventType "swiss"]
[EventRounds "7"]
[EventCountry "SRB"]
[SourceTitle "CB16_2024"]
[SourceDate "2024.04.17"]
[SourceVersion "1"]
[SourceVersionDate "2024.04.17"]
[SourceQuality "1"]

1. Nf3 d5 2. c4 dxc4 3. e3 Nf6 4. Bxc4 e6 5. 0-0 c5 6. d4 Nc6 7. Nc3 a6 8. a4 cxd4 9. exd4 Nb4 10. Bg5 Be7 11. Qe2 0-0 12. Rad1 h6 13. Bxf6 Bxf6 14. d5 exd5 15. Nxd5 Nxd5 16. Bxd5 Qb6 17. b3 Bf5 18. Rfe1 Rac8 19. Bc4 Rc7 20. Qe3 Qxe3 21. Rxe3 Rc5 22. h3 b5 23. axb5 axb5 24. Rd5 Rxd5 25. Bxd5 Rd8 26. Bc6 Bd7 27. Bxd7 Rxd7 28. Re8+ Kh7 29. Rb8 Rd5 30. Kf1 g6 31. Ke2 Kg7 32. Rb7 Rc5 33. Nd2 Re5+ 34. Kd3 Rd5+ 35. Ke2 h5 36. Ne4 Re5 37. Kd3 Rd5+ 38. Ke2 Re5 39. f3 Be7 40. Kd3 Rd5+ 41. Kc2 Bb4 42. g4 Kf8 43. Rb8+ Kg7 44. Rg8+ Kxg8 45. Nf6+ Kg7 46. Nxd5 Bd6 47. Kd3 Kh6 48. f4 hxg4 49. hxg4 f5 50. gxf5 gxf5 51. Ke3 Kg6 52. Kf3 Kf7 53. Ke3 1/2-1/2

[Event "Nakhchivan 100th Ann Rep op"]
[Site "Nakhchivan"]
[Date "2024.01.12"]
[Round "5"]
[White "Baghirov, Mahammad"]
[Black "Kul, Ozdemir Efe"]
[Result "1-0"]
[WhiteElo "1621"]
[BlackElo "2223"]
[PlyCount "157"]
[EventDate "2024.01.10"]
[EventType "swiss"]
[EventRounds "9"]
[EventCountry "AZE"]
[SourceTitle "CB03_2024"]
[SourceDate "2024.01.17"]
[SourceVersion "1"]
[SourceVersionDate "2024.01.17"]
[SourceQuality "1"]

1. e4 c5 2. Nf3 Nc6 3. b3 e5 4. Bb2 d6 5. Nc3 g6 6. Nd5 Bg7 7. c4 Nge7 8. d3 h6 9. Be2 0-0 10. Qd2 a6 11. 0-0 f5 12. a3 f4 13. b4 b6 14. Rab1 g5 15. h3 Nxd5 16. cxd5 Nb8 17. bxc5 bxc5 18. Nh2 Nd7 19. Bc3 Nf6 20. Ba5 Qe7 21. Rb6 Rf7 22. Rfb1 Bf8 23. Rb8 Qa7 24. Qb2 Rxb8 25. Qxb8 Qxb8 26. Rxb8 Bd7 27. Bd8 Kh7 28. Bxf6 Rxf6 29. Rb7 Rf7 30. Bg4 Be8 31. Rb8 Re7 32. Rd8 h5 33. Bf5+ Kg7 34. Nf3 Bb5 35. Nxg5 Re8 36. Ne6+ Kg8 37. Rxe8 Bxe8 38. Nc7 Ba4 39. Bc8 a5 40. Ba6 Be7 41. Bb5 Bd1 42. f3 Kf7 43. a4 Bd8 44. Ne8 Be7 45. Kf1 Bf8 46. Ke1 Bb3 47. Kd2 Ke7 48. Nc7 Bg7 49. Na6 Kd8 50. Nb8 Kc7 51. Nc6 Kb6 52. Ne7 Kc7 53. Nc6 Kb6 54. Nd8 Bf6 55. Ne6 Kb7 56. h4 Bxh4 57. Ng7 Bg5 58. Nxh5 Kb6 59. Ng7 Bf6 60. Nf5 Kc7 61. Nh6 Bg5 62. Ng4 Kd8 63. Nh2 Bh4 64. Nf1 Ke7 65. Ke2 Kd8 66. Nd2 Ba2 67. Bc4 Bxc4 68. Nxc4 Kc7 69. Nxa5 Be7 70. Nc4 Bh4 71. Kd2 Be7 72. Kc3 Kb7 73. Kd2 Kc7 74. Ke1 Bh4+ 75. Kf1 Kd7 76. a5 Be7 77. a6 Kc7 78. Na5 Kb6 79. a7 1-0